| 000 | 01178nam0a22002531 4500 | ||
|---|---|---|---|
| 001 | rc\4973175 | ||
| 005 | 20260407114117.0 | ||
| 021 |
_aRU _b[68-19038] |
||
| 035 | _a(NLR Aleph) 008977634 | ||
| 090 |
_a9165243 _c9165243 |
||
| 100 | _a20130430g19671968|||y0rusy50 ca | ||
| 101 | 0 | _arus | |
| 102 | _aRU | ||
| 105 | _aa z ||||| | ||
| 200 | 1 |
_aРекомендации по расчету производственных мощностей строительно-монтажных организаций _fНауч.-исслед. ин-т экономики строительства Госстроя СССР. Отд. норм и сметных цен в строительстве Госстроя РСФСР |
|
| 210 |
_aМосква _cБ. и. _d1967 [вып. дан. 1968] |
||
| 215 |
_a69 с. _cтабл. _d20 |
||
| 606 |
_aСтроительные организации _xПроизводственная мощность _xРасчет _2psbo |
||
| 712 | 0 | 2 |
_aНИИ экономики строительства _cМосква _3RU\NLR\AUTH\889946019 _9387534 |
| 801 | 0 |
_aRU _bNLR _gpsbo |
|
| 801 | 1 |
_aRU _bELAR _2rusmarc |
|
| 852 |
_aNLR _j68-4/6753 |
||
| 942 | _cBOOK | ||
| 980 | _aNB | ||